000 01418nam a22002177a 4500
003 NALT
005 20240724233225.0
008 s2538 th tha d
040 _aNALT
041 _atha
050 _aJQ1746.Z13.J62
_bส292ก 2538
100 0 _aสมัย ฮมแสน
245 1 0 _aการนำวิธีประเมินผลการปฏิบัติงานมาใช้ในการพิจารณาบรรจุ แต่งตั้ง เลื่อนเงินเดือน เลื่อนขั้น เลื่อนตำแหน่ง และการส่งเสริมสมรรถภาพ ข้าราชการของกรมการปกครอง /
_cสมัย ฮมแสน.
260 3 _aกรุงเทพฯ :
_bสถาบันบัณฑิตพัฒนบริหารศาสตร์,
_c2538
300 _a216 หน้า :
_bตาราง ;
_c29 ซม.
650 0 4 _aกรมการปกครอง -- การประเมินผลการปฏิบัติงาน -- วิจัย
650 0 4 _aกรมการปกครอง -- ข้าราชการ -- การประเมินผลการปฏิบัติงาน
850 _aNALT
942 _cRSH
_2lcc
999 _c44455
_d44455
998 _j109
_k อารีรัตน์ วิชาช่าง